000
00230nam a2200097Ia 4500
008
231212s2004 xx 000 0 und d
041
_a
eng
100
_a
Khurini
245
_a
Theory of Machines
260
_a
New Delhi
_b
CBS Pub
_c
2004
999
_c
970297
_d
970297